Büyük Değişim Partisinin yerel yönetimler politikalarında İstanbul (Record no. 8357)

MARC details
000 -BAŞLIK
Sabit Uzunlukta Kontrol Alanı 00852na a2200265 4500
001 - KONTROL NUMARASI
Denetim Alanı 21681
003 - KONTROL NUMARASI IDENTIFIER
Denetim Alanı MIRAKIL
005 - SON İŞLEM TARİHİ VE ZAMANI
Denetim Alanı 20181213155208.0
008 - SABİT-BOY VERİ ELEMANLARI - GENEL BİLGİLER
Sabit Uzunlukta Kontrol Alanı 170206b tu 000 0
035 ## - SİSTEM KONTROL NUMARASI
Sistem Kontrol Numarası 21055
040 ## - KATALOGLAMA KAYNAK
Orijinal Kataloglama Ajansı Milas
Kataloglama Dili tur
Metne Dönüştürmek Ajansı TR-AnCHP
041 ## - DİL KODU
Metin / Ses Parça Veya Ayrı Başlığın Dil Kodu tur
082 ## - DEWEY ONLU SINIFLANDIRMA NUMARASI
Sınıflandırma Numarası 324.2383
Ürün Numarası B26 [1993]
090 ## - SINIFLAMA NUMARASI
Sınıflama Numarası 324.2383 B26 [1993]
110 ## - ANA GİRİŞ - KURUMSAL ADI
Giriş Elemanı Olarak Kurumsal Ad Veya Yargı Alanı Adı Büyük Değişim Partisi (BDP)
245 ## - BAŞLIK TABLOSU
Başlık Büyük Değişim Partisinin yerel yönetimler politikalarında İstanbul
Sorumluluk Tablosu, Vb BDP
260 ## - YAYIN, DAĞITIM, VB
Yayın, Dağıtım, Vb Yeri [İstanbul]
Yayıncı, Dağıtıcı, Vs Adı BDP
Yayın, Dağıtım, Vb Tarihi 1993
300 ## - FİZİKSEL TANIM
Kapsam 15 s.
Boyutlar 21 sm.
610 ## - KONU KATMA GİRİŞ - TOPLANTI ADI
Giriş Elemanı Olarak Kurumsal Ad Veya Yargı Alanı Adı Büyük Değişim Partisi (BDP)
Genel Alt Bölüm Yerel yönetimler
Coğrafi Alt Bölüm İstanbul
610 ## - KONU KATMA GİRİŞ - TOPLANTI ADI
Giriş Elemanı Olarak Kurumsal Ad Veya Yargı Alanı Adı Büyük Değişim Partisi (BDP)
Genel Alt Bölüm Propaganda ve ideolojiler
650 ## - KONU KATMA GİRİŞ - TOPİKAL DÖNEM
Topikal Süreli Veya Coğrafi Ad Giriş Elemanı Milliyetçi partiler
Coğrafi Alt Bölümü Türkiye
710 ## - KATMA GİRİŞ - KURUMSAL ADI
Giriş Elemanı Olarak Kurumsal Ad Veya Yargı Alanı Adı Büyük Değişim Partisi (BDP)
830 ## - SERİSİ EKLENDİ GİRİŞ - ÜNİFORM ADI
Üniforma Başlık Büyük Değişim Partisi
942 ## - EKLENDİ GİRİŞ ELEMANLARI (KOHA)
Sınıflandırma Veya Raf Düzeni Kaynak Dewey Decimal Classification
Koha Öğesi Türü Books
999 ## - SİSTEM KONTROL NUMARALARI (KOHA)
Koha Biblionumber 8357
Koha Biblioitemnumber 8357
Holdings
Kalıcı Konum Mevcut Konum Edinme Tarihi Edinim Kaynak Toplam Check-Out'Lar Tam Çağrı Numarası Barkod Tarih Son Görülme İtibaren Geçerli Fiyatlar Koha Öğesi Türü
CHP Kütüphanesi CHP Kütüphanesi 02/06/2017 Bağış   324.2383 B26 [1993] 012869 02/06/2017 02/06/2017 Books